2025 Vuelta a España Riders - Statistics

General Stats
  • This quiz has been taken 43 times
  • The average score is 41 of 184
Answer Stats
Country Top Specialties on PCS Rider % Correct
🇩🇰 GC, Climber Jonas Vingegaard
93%
🇵🇹 GC, Climber João Almeida
93%
🇪🇸 GC, Climber Juan Ayuso
89%
🇩🇰 One-Day Races, Hills, Sprint Mads Pedersen
85%
🇺🇸 Climber, GC Sepp Kuss
81%
🇦🇺 TT, GC, Climber Jay Vine
78%
🇪🇸 Climber, GC Marc Soler
78%
🇺🇸 GC, Climber, Hills Matteo Jorgenson
78%
🇧🇪 TT Victor Campenaerts
70%
🇮🇹 Climber Giulio Ciccone
67%
🇧🇪 Sprint, One-Day Races Jasper Philipsen
63%
🇬🇧 One-Day Races, Climber, Hills Thomas Pidcock
63%
🇦🇹 Climber, GC Felix Gall
59%
🇵🇹 TT, Hills Ivo Oliveira
59%
🇦🇺 GC, Climber Jai Hindley
59%
🇩🇰 TT Mikkel Bjerg
59%
🇦🇺 GC, Climber Ben O'Connor
56%
🇪🇸 GC, Climber Mikel Landa
56%
🇪🇸 GC Javier Romo
52%
🇫🇷 Climber, GC Valentin Paret-Peintre
52%
🇫🇷 Climber, GC David Gaudu
48%
🇨🇴 GC, Climber Egan Bernal
48%
🇨🇴 GC, Hills, Climber Harold Tejada
48%
🇨🇴 Climber, GC Santiago Buitrago
48%
🇦🇹 GC Felix Großschartner
44%
🇮🇹 TT Filippo Ganna
44%
🇮🇹 Climber, GC Giulio Pellizzari
44%
🇪🇸 Climber, GC Pablo Castrillo
44%
🇫🇷 One-Day Races, Hills Axel Zingle
41%
🇪🇸 GC, Climber Carlos Verona
41%
🇺🇸 Climber, GC Matthew Riccitello
41%
🇨🇭 TT Stefan Küng
41%
🇳🇱 One-Day Races Dylan van Baarle
37%
🇫🇷 Climber, GC, One-Day Races Guillaume Martin
37%
🇪🇨 GC Harold Martin
37%
🇵🇱 One-Day Races, GC, Hills, TT, Climber Michał Kwiatkowski
37%
🇪🇷 Hills, Sprint Orluis Aular
37%
🇳🇱 GC, Climber Wilco Kelderman
37%
🇬🇧 GC Ben Tulett
33%
🇫🇷 TT Bruno Armirail
33%
🇫🇷 Sprint Bryan Coquard
33%
🇪🇸 GC, Climber Cristián Rodríguez
33%
🇮🇹 GC, Climber, TT, Hills Antonio Tiberi
33%
🇸🇮 GC, Climber Domen Novak
33%
🇮🇪 GC, Climber Eddie Dunbar
33%
🇪🇸 One-Day Races, Hills Iván García Cortina
33%
🇫🇷 GC Julien Bernard
33%
🇩🇪 Hills, One-Day Races Nico Denz
33%
🇩🇰 TT, One-Day Races, GC, Hills Søren Kragh Andersen
33%
🇬🇧 Hills, One-Day Races Ben Turner
30%
🇪🇸 GC, Climber Carlos García Pierna
30%
🇮🇹 GC, Climber Lorenzo Fortunato
30%
🇺🇸 TT, GC, Hills Magnus Sheffield
30%
🇪🇸 GC, TT, Hills Raúl García Pierna
30%
🇪🇨 GC, Climber, One-Day Races Alveiro Jefferson Cepeda
26%
🇳🇱 TT Daan Hoole
26%
🇩🇪 GC, Climber Emanuel Buchmann
26%
🇨🇴 Climber, GC Esteban Chaves
26%
🇬🇧 Sprint, Hills Ethan Vernon
26%
🇳🇴 GC, Climber Torstein Træen
26%
🇪🇸 GC Abel Balderstone
22%
🇮🇹 One-Day Races, Hills, Climber Andrea Bagioli
22%
🇱🇺 TT, GC Bob Jungels
22%
🇫🇷 Hills, Climber, GC Brieuc Rolland
22%
🇧🇪 Sprint, One-Day Races, Hills Edward Planckaert
22%
🇺🇾 One-Day Races, Hills Guillermo Thomas Silva
22%
🇨🇴 GC, Climber Juan Guillermo Martinez
22%
🇫🇷 GC, Climber Léo Bisiaux
22%
🇿🇦 Climber, GC Louis Meintjes
22%
🇪🇸 GC Markel Beloki
22%
🇩🇪 GC, TT, Climber, Hills, One-Day Races Maximilian Schachmann
22%
🇰🇿 Hills, GC, One-Day Races, Sprint Nicolas Vinokurov
22%
🇪🇷 GC, Climber, One-Day Races Amanuel Ghebreigzabhier
19%
🇮🇪 Climber, GC, One-Day Races, Hills Archie Ryan
19%
🇩🇰 GC, One-Day Races Christopher Juul-Jensen
19%
🇦🇷 GC Eduardo Sepúlveda
19%
🇪🇸 Hills, Climber, One-Day Races Fernando Barceló
19%
🇦🇺 GC, Climber Jack Haig
19%
🇪🇸 One-Day Races, Hills Joel Nicolau
19%
🇧🇪 GC, Climber, Hills Junior Lecerf
19%
🇮🇹 GC, Climber Luca Vergallito
19%
🇮🇹 TT Matteo Sobrero
19%
🇨🇴 Climber, GC Sergio Higuita
19%
🇵🇱 Sprint Stanisław Aniołkowski
19%
🇲🇨 GC, Hills, Climber Victor Langellotti
19%
🇳🇱 Hills, GC Alex Molenaar
15%
🇨🇴 GC Brandon Smith Rivera
15%
🇳🇱 Sprint Casper van Uden
15%
🇫🇷 One-Day Races Clément Braz Afonso
15%
🇪🇸 GC, Climber David de la Cruz
15%
🇮🇹 Sprint, One-Day Races Elia Viviani
15%
🇬🇧 GC, Climber James Shaw
15%
🇳🇱 GC Jardi Christiaan van der Lee
15%
🇪🇸 GC, One-Day Races, Climber Jesús Herrada
15%
🇧🇪 One-Day Races, Sprint Jonas Rickaert
15%
🇪🇸 GC Jorge Arcas
15%
🇺🇸 GC, Hills, One-Day Races, Climber Kevin Vermaerke
15%
🇮🇹 Climber, GC Marco Frigo
15%
🇧🇪 Climber, GC, One-Day Races Mauri Vansevenant
15%
🇫🇷 One-Day Races, Climber, GC Nans Peters
15%
🇫🇷 TT Rémi Cavagna
15%
🇫🇷 Climber, GC, One-Day Races Rudy Molard
15%
🇺🇸 GC, Hills, Climber Sean Quinn
15%
🇪🇸 GC Sergio Samitier
15%
🇪🇸 GC, Climber Sinuhé Fernández
15%
🇳🇱 TT, One-Day Races, Sprint Tim van Dijke
15%
🇪🇸 Hills, One-Day Races, GC Carlos Canal
11%
🇦🇺 GC Damien Howson
11%
🇳🇿 Hills, One-Day Races Dion Smith
11%
🇨🇭 One-Day Races, Hills Fabio Christen
11%
🇮🇹 GC, Climber Fausto Masnada
11%
🇬🇧 Climber, GC Finlay Pickering
11%
🇳🇿 GC, Hills, TT Finn Fisher-Black
11%
🇸🇮 Hills, GC Gal Glivar
11%
🇳🇿 GC, Climber George Bennett
11%
🇬🇧 Hills Jake Stewart
11%
🇨🇿 GC, TT Jakub Otruba
11%
🇨🇿 GC, Climber Jan Hirt
11%
🇪🇸 GC, Climber Jaume Guardeño
11%
🇧🇪 One-Day Races Jenthe Biermans
11%
🇫🇷 Hills, One-Day Races Jordan Labrosse
11%
🇬🇧 Hills, One-Day Races Lukas Nerurkar
11%
🇪🇪 One-Day Races, Hills, Sprint Madis Mihkels
11%
🇦🇹 One-Day Races, TT Patrick Gamper
11%
🇧🇪 Climber, Hills Ramses Debruyne
11%
🏳️ One-Day Races Roman Ermakov
11%
🇬🇹 Climber, Hills Sergio Geovani Chumil
11%
🇳🇱 GC, Climber Wout Poels
11%
🇧🇪 TT, GC, One-Day Races Alec Segaert
7%
🇮🇹 Climber, One-Day Races, Hills, GC Alessandro Verre
7%
🇩🇰 Hills Anders Foldager
7%
🇩🇪 GC Ben Zwiehoff
7%
🇦🇺 GC Callum Scotson
7%
🇪🇸 Hills David González
7%
🇺🇾 One-Day Races, GC, Hills, TT Eric Antonio Fagúndez
7%
🇦🇺 GC Giovanni Aleotti
7%
🇪🇸 GC Joan Bou
7%
🇳🇴 GC, Climber Johannes Staune-Mittet
7%
🇧🇪 GC, Climber, One-Day Races Louis Vervaeke
7%
🇪🇸 Hills, One-Day Races, Climber Marcel Camprubí
7%
🇪🇸 GC Mario Aparicio
7%
🇳🇱 One-Day Races, Hills, GC Mathijs Paasschens
7%
🇩🇪 Hills, GC Michel Hessmann
7%
🇳🇱 One-Day Races, GC Oscar Riesebeek
7%
🇧🇪 One-Day Races Sander de Pestel
7%
🇫🇷 Hills Thibaud Gruel
7%
🇳🇱 One-Day Races Timo Roosen
7%
🇦🇹 One-Day Races, GC, Hills Tobias Bayer
7%
🇬🇧 Hills Bjorn Koerdt
4%
🇦🇺 GC Chris Hamilton
4%
🇦🇺 GC, Climber Chris Harper
4%
🇪🇸 Hills, Sprint Daniel Cavia
4%
🇮🇹 Hills, Climber Gianmarco Garofoli
4%
🇳🇱 Climber Gijs Leemreize
4%
🇪🇸 GC Hugo de la Calle
4%
🇳🇱 Sprint, TT Huub Artz
4%
🇩🇰 GC Jonas Gregaard
4%
🇪🇸 GC, Climber José Luis Faura
4%
🇧🇪 GC, Climber, Hills Kamiel Bonneu
4%
🇧🇪 GC, Hills, Climber, One-Day Races Lars Craps
4%
🇧🇪 GC, One-Day Races Liam Slock
4%
🇫🇷 GC, Climber Louis Rouland
4%
🇧🇪 One-Day Races, Hills Luca van Boven
4%
🇨🇦 One-Day Races Nickolas Zukowsky
4%
🇮🇹 GC, Climber, Hills Nicola Conci
4%
🇮🇹 Hills Nicolò Buratti
4%
🇬🇧 TT, GC Oliver Knight
4%
🇳🇱 Climber, One-Day Races, Hills Pepijn Reinderink
4%
🇨🇦 One-Day Races Pier-André Côté
4%
🇫🇷 Hills, TT, One-Day Races Pierre Thierry
4%
🇮🇹 GC, Climber, One-Day Races Simone Petilli
4%
🇫🇷 Hills, One-Day Races, GC Victor Guernalec
4%
🇪🇸 TT Xabier Mikel Asparren
4%
🇧🇪 One-Day Races Arjen Livyns
0%
🇧🇪 One-Day Races, Sprint, Hills Arne Marit
0%
🇧🇪 Hills, Sprint, One-Day Races Dries de Pooter
0%
🇧🇪 One-Day Races, Sprint Jasper de Buyst
0%
🇦🇺 One-Day Races, TT Kelland O'Brien
0%
🇳🇱 GC, Climber Koen Bouwman
0%
🇫🇷 One-Day Races, Sprint, Hills Léandre Lozouet
0%
🇮🇱 Hills, One-Day Races, GC Nadav Raisberg
0%
🇦🇺 TT, One-Day Races Patrick Eddy
0%
🇫🇷 GC, One-Day Races Paul Ourselin
0%
🇬🇧 Climber, One-Day Races, GC Simon Carr
0%
No matching quizzes found
Score Distribution
Percent of People with Each Score
Percentile by Number Answered
Your Score History
You have not taken this quiz